[Event "Olomouc Chess Summer 2024 - A"]
[Site "Olomouc (CZE), Hotel Flora"]
[Date "2024.08.16"]
[Round "8"]
[Board "3"]
[White "Polak, Tomas"]
[Black "Szwed, Jacek"]
[Result "1/2-1/2"]
[WhiteElo "2514"]
[BlackElo "2329"]
[PlyCount "85"]
[EventDate "2024.08.10"]
[EventRounds "9"]
[EventCountry "CZE"]

1. d4 Nf6 2. Nf3 e6 3. Bg5 c5 4. d5 exd5 5. e3 Be7 6. Nc3 O-O 7. Nxd5 Nxd5 8. Qxd5
Nc6 9. c3 d6 10. O-O-O Be6 11. Bxe7 Qxe7 12. Qxd6 Qxd6 13. Rxd6 Bxa2 14. Bb5 Na5
15. Ne5 f6 16. Nd3 b6 17. Nf4 Bb3 18. h4 Rad8 19. Rd7 Rxd7 20. Bxd7 Rd8 21. Bf5 Ba4
22. Be6+ Kf8 23. Bd5 Ke7 24. e4 g6 25. h5 g5 26. Ne6 Rd7 27. Ng7 Bb3 28. Nf5+ Kf8
29. Ne3 Bxd5 30. Nxd5 Kf7 31. f4 gxf4 32. Rh4 Ke6 33. Rxf4 Ke5 34. g3 f5 35. Ne3
Rg7 36. exf5 Rxg3 37. f6 Rg8 38. Rf1 Ke6 39. Ng4 Nc6 40. Re1+ Kd6 41. Rd1+ Ke6 42.
Re1+ Kd6 43. Rd1+  1/2-1/2

[Event "Olomouc Chess Summer 2024 - A"]
[Site "Olomouc (CZE), Hotel Flora"]
[Date "2024.08.16"]
[Round "8"]
[Board "4"]
[White "Adarsh, Tripathi"]
[Black "Kuru, Atilla"]
[Result "1/2-1/2"]
[WhiteElo "2368"]
[BlackElo "2374"]
[PlyCount "113"]
[EventDate "2024.08.10"]
[EventRounds "9"]
[EventCountry "CZE"]

1. e4 e6 2. d4 d5 3. e5 c5 4. c3 Nc6 5. Nf3 Bd7 6. Be2 Nge7 7. Na3 Nf5 8. Nc2 cxd4
9. cxd4 Be7 10. O-O O-O 11. Bd3 f6 12. Bxf5 exf5 13. Re1 Rc8 14. Qd3 Be8 15. Bd2
f4 16. Qb3 Na5 17. Bxa5 Qxa5 18. exf6 Bxf6 19. Nb4 Rc4 20. Nd3 Bxd4 21. Nxd4 Rxd4
22. Ne5 Rb4 23. Qh3 Qb6 24. b3 Rd4 25. Nf3 Re4 26. Ng5 Rxe1+ 27. Rxe1 Bg6 28. Qf3
Qd6 29. h4 Bf5 30. Rd1 Rd8 31. Rd4 h6 32. Nf7 Kxf7 33. Rxf4 Kg8 34. Rxf5 d4 35. Qd3
Rc8 36. g3 Qe6 37. Kh2 Rc1 38. Qf3 Rc8 39. Rf4 Rd8 40. Qd3 Qd5 41. Rf5 Qc6 42. Rf4
Qc3 43. Qxc3 dxc3 44. Rc4 Rd2 45. Kg2 Rxa2 46. Rxc3 Rb2 47. h5 b5 48. Rc7 a5 49.
Ra7 Ra2 50. b4 a4 51. Ra5 Rb2 52. Rxb5 a3 53. Ra5 a2 54. Ra7 Kf8 55. Kf3 Rb3+ 56.
Kg2 Rb2 57. b5  1/2-1/2

[Event "Olomouc Chess Summer 2024 - A"]
[Site "Olomouc (CZE), Hotel Flora"]
[Date "2024.08.16"]
[Round "8"]
[Board "5"]
[White "Molenda, Marcin"]
[Black "Natsidis, Christoph"]
[Result "0-1"]
[WhiteElo "2384"]
[BlackElo "2338"]
[PlyCount "52"]
[EventDate "2024.08.10"]
[EventRounds "9"]
[EventCountry "CZE"]

1. d4 Nf6 2. c4 e6 3. Nc3 d5 4. Nf3 Be7 5. Bf4 O-O 6. e3 c5 7. dxc5 Bxc5 8. a3 dxc4
9. Bxc4 a6 10. Qc2 Nbd7 11. Bd3 b5 12. Ne4 Bb7 13. Nxf6+ Nxf6 14. Bxh7+ Nxh7 15.
Qxc5 Rc8 16. Qe5 Qd3 17. Rd1 Qg6 18. Bg3 Bxf3 19. gxf3 Ng5 20. Kf1 Qh5 21. Rg1 Qxf3
22. Re1 Ne4 23. Rg2 Nd2+ 24. Kg1 Qe2 25. Rxe2 Rc1+ 26. Re1 Rxe1#  0-1

[Event "Olomouc Chess Summer 2024 - A"]
[Site "Olomouc (CZE), Hotel Flora"]
[Date "2024.08.17"]
[Round "9"]
[Board "2"]
[White "Kuru, Atilla"]
[Black "Molenda, Marcin"]
[Result "1/2-1/2"]
[WhiteElo "2374"]
[BlackElo "2384"]
[PlyCount "229"]
[EventDate "2024.08.10"]
[EventRounds "9"]
[EventCountry "CZE"]

1. e4 c5 2. Nf3 Nc6 3. Bb5 e6 4. Bxc6 bxc6 5. e5 f6 6. b3 fxe5 7. Nxe5 Nf6 8. Bb2
d6 9. Nc4 e5 10. O-O Be7 11. c3 O-O 12. d4 cxd4 13. cxd4 e4 14. Nc3 Qe8 15. d5 c5
16. f3 exf3 17. Qxf3 Qg6 18. Qe3 Rf7 19. Rae1 Ba6 20. Qg3 Qxg3 21. hxg3 Raf8 22.
Rf2 Nd7 23. Rfe2 Bxc4 24. bxc4 Ne5 25. Rxe5 dxe5 26. Ne4 Rc8 27. Bxe5 Bf8 28. Ng5
Rd7 29. Kh2 h6 30. Ne6 Bd6 31. Bc3 Rb8 32. Kh3 Rb6 33. Be5 Re7 34. Bxd6 Rxd6 35.
Kg4 g6 36. Re4 Ra6 37. Re2 Ra4 38. Rc2 Rxe6 39. dxe6 Kg7 40. Kf4 Kf6 41. e7 Kxe7
42. Ke5 Ra3 43. Kd5 Rxg3 44. Kxc5 Kd7 45. Kb5 Kc7 46. Rf2 Ra3 47. Rf7+ Kc8 48. Rf6
Rxa2 49. Rxg6 h5 50. g3 Ra3 51. Rg8+ Kc7 52. Rg7+ Kc8 53. c5 Ra1 54. Kc6 Ra6+ 55.
Kd5 Rh6 56. Rxa7 h4 57. gxh4 Rxh4 58. Kc6 Rh6+ 59. Kb5 Rg6 60. Ra1 Kc7 61. Rf1 Rh6
62. Rf5 Rg6 63. Rf7+ Kc8 64. Kc4 Rh6 65. Kd5 Rg6 66. Re7 Rh6 67. Kc4 Rg6 68. Kb5
Rh6 69. Rg7 Rf6 70. Rg3 Rh6 71. Rg5 Rf6 72. Rh5 Rg6 73. Rd5 Rh6 74. Kc4 Rh4+ 75.
Kb5 Rh6 76. Rd4 Rg6 77. Rh4 Rf6 78. Kc4 Rg6 79. Kd5 Rg5+ 80. Kd6 Rg6+ 81. Ke5 Rg5+
82. Kd4 Rg6 83. Rh1 Rg4+ 84. Kd5 Rg5+ 85. Kc4 Rg4+ 86. Kb5 Rg6 87. Rb1 Kc7 88. Kc4
Rg4+ 89. Kb5 Rg6 90. Rh1 Kc8 91. Rh5 Rf6 92. Kc4 Rg6 93. Kd5 Kc7 94. Rh7+ Kc8 95.
Re7 Rh6 96. Re5 Kc7 97. Re7+ Kc8 98. Ra7 Rh5+ 99. Kc6 Rh6+ 100. Kb5 Rg6 101. Ra5
Rh6 102. Ra4 Rg6 103. Rd4 Rh6 104. Rg4 Rf6 105. Kc4 Rh6 106. Rg5 Rf6 107. Kd5 Rh6
108. c6 Rh1 109. Kd6 Rd1+ 110. Rd5 Rxd5+ 111. Kxd5 Kc7 112. Kc5 Kc8 113. Kd6 Kd8
114. c7+ Kc8 115. Kc6  1/2-1/2

[Event "Olomouc Chess Summer 2024 - A"]
[Site "Olomouc (CZE), Hotel Flora"]
[Date "2024.08.17"]
[Round "9"]
[Board "3"]
[White "Szwed, Jacek"]
[Black "Adarsh, Tripathi"]
[Result "1-0"]
[WhiteElo "2329"]
[BlackElo "2368"]
[PlyCount "81"]
[EventDate "2024.08.10"]
[EventRounds "9"]
[EventCountry "CZE"]

1. e4 c5 2. Nf3 Nc6 3. d4 cxd4 4. Nxd4 e5 5. Nb5 d6 6. N1c3 a6 7. Na3 Be6 8. Nc4
Be7 9. Be3 b5 10. Nb6 Rb8 11. Nbd5 Nf6 12. Nxe7 Nxe7 13. Bg5 b4 14. Nd5 Bxd5 15.
exd5 Ne4 16. Be3 Qa5 17. Bc4 Nf5 18. Qd3 Nxe3 19. Qxe3 Nf6 20. Qa7 O-O 21. Qxa6 Qc5
22. Bb3 Nxd5 23. O-O-O Nb6 24. Rd2 d5 25. Rhd1 d4 26. Qe2 Rfe8 27. Qe4 Nc4 28. Rd3
Na5 29. Ba4 Rec8 30. Rh3 h6 31. Rh5 b3 32. axb3 f6 33. Kb1 Rb4 34. Rxh6 d3 35. Qxd3
e4 36. Qd5+ Qxd5 37. Rxd5 gxh6 38. Rxa5 Rd4 39. Rf5 Rd1+ 40. Ka2 Rxc2 41. b4  1-0

[Event "Olomouc Chess Summer 2024 - A"]
[Site "Olomouc (CZE), Hotel Flora"]
[Date "2024.08.17"]
[Round "9"]
[Board "4"]
[White "Willow, Jonah B"]
[Black "Polak, Tomas"]
[Result "1/2-1/2"]
[WhiteElo "2414"]
[BlackElo "2514"]
[PlyCount "93"]
[EventDate "2024.08.10"]
[EventRounds "9"]
[EventCountry "CZE"]

1. e4 e5 2. Nf3 Nf6 3. Nxe5 d6 4. Nf3 Nxe4 5. Nc3 Nf6 6. d4 Be7 7. h3 O-O 8. Bd3
Nc6 9. a3 Re8 10. O-O h6 11. Bf4 Be6 12. Ne2 Bf8 13. Ng3 Ne7 14. c4 c6 15. Qc2 Qd7
16. Rad1 Kh8 17. Bc1 g6 18. Nh4 g5 19. Nhf5 Nxf5 20. Nxf5 d5 21. b3 b5 22. Ne3 Bd6
23. c5 Bf4 24. Nf5 Bxc1 25. Rxc1 Bxf5 26. Bxf5 Qc7 27. f4 Rg8 28. Qf2 Qxf4 29. Qxf4
gxf4 30. Rxf4 Rae8 31. Bd3 Re6 32. Rcf1 Kg7 33. R1f3 Rge8 34. Kh2 R8e7 35. Rg3+ Kf8
36. Rgf3 Kg7 37. Rg3+ Kf8 38. Rh4 Re3 39. Bc2 Rxg3 40. Kxg3 Re3+ 41. Kf2 Rc3 42.
Bd1 Kg7 43. Ke2 Ne4 44. Rg4+ Kf8 45. Rh4 Kg7 46. Rg4+ Kf8 47. Rh4  1/2-1/2

[Event "Olomouc Chess Summer 2024 - A"]
[Site "Olomouc (CZE), Hotel Flora"]
[Date "2024.08.17"]
[Round "9"]
[Board "5"]
[White "Pacher, Milan"]
[Black "Neuman, Petr"]
[Result "1/2-1/2"]
[WhiteElo "2365"]
[BlackElo "2426"]
[PlyCount "22"]
[EventDate "2024.08.10"]
[EventRounds "9"]
[EventCountry "CZE"]

1. e4 e5 2. Nf3 Nf6 3. Nxe5 d6 4. Nf3 Nxe4 5. d3 Nf6 6. d4 d5 7. Bd3 Bd6 8. O-O O-O
9. c3 c6 10. Bg5 Bg4 11. Nbd2 Nbd7  1/2-1/2

[Event "Olomouc Chess Summer 2024 - B1"]
[Site "Olomouc (CZE), Hotel Flora"]
[Date "2024.08.10"]
[Round "1"]
[Board "1"]
[White "Fizer, Marek"]
[Black "Bokhnak, Timofey"]
[Result "1-0"]
[WhiteElo "2262"]
[BlackElo "2273"]
[PlyCount "105"]
[EventDate "2024.08.10"]
[EventRounds "9"]
[EventCountry "CZE"]

1. e4 c5 2. Nf3 e6 3. d4 cxd4 4. Nxd4 Nc6 5. Nc3 a6 6. Be3 Nf6 7. g4 Bb4 8. Bg2 d6
9. g5 Nd7 10. Nxc6 bxc6 11. Qd4 Qa5 12. Qxg7 Rf8 13. O-O Bb7 14. a3 Bxc3 15. bxc3
O-O-O 16. Qd4 Ne5 17. Qa7 c5 18. Rab1 Qc7 19. Rfd1 Nc6 20. Qb6 Qxb6 21. Rxb6 Kc7
22. Rdb1 Bc8 23. f4 e5 24. f5 Nb4 25. cxb4 Kxb6 26. bxc5+ Kc6 27. Rb6+ Kc7 28. c6
h6 29. gxh6 Rh8 30. Kf2 Rdg8 31. Rb3 Kxc6 32. Bf3 Bb7 33. Bh5 Rf8 34. c4 Kc7 35.
Kf3 Bc6 36. Rb1 Be8 37. Rg1 Kc6 38. Rg7 Rfg8 39. f6 Rf8 40. h4 a5 41. h7 a4 42. Bh6
Bd7 43. Bxf7 Be6 44. Bxe6 Rxf6+ 45. Bf5 Rxh6 46. Kg4 Rf6 47. Rg8 Rf8 48. Rxh8 Rxh8
49. Kg5 Kc5 50. Kg6 Re8 51. Kg7 Kxc4 52. h8=Q Rxh8 53. Kxh8  1-0

[Event "Olomouc Chess Summer 2024 - B1"]
[Site "Olomouc (CZE), Hotel Flora"]
[Date "2024.08.10"]
[Round "1"]
[Board "3"]
[White "Sluka, Radek"]
[Black "Flasik, Radoslav"]
[Result "1-0"]
[WhiteElo "2314"]
[BlackElo "2093"]
[PlyCount "103"]
[EventDate "2024.08.10"]
[EventRounds "9"]
[EventCountry "CZE"]

1. e4 c5 2. Nf3 d6 3. d4 cxd4 4. Nxd4 Nf6 5. Nc3 Nc6 6. Bc4 Qb6 7. Nxc6 bxc6 8. O-O
e5 9. Qd3 Be7 10. Be3 Qc7 11. a4 O-O 12. f3 Rd8 13. Rfd1 a5 14. Qe2 Rb8 15. Bb3 Be6
16. Bxe6 fxe6 17. b3 d5 18. Bf2 Re8 19. Kh1 Kh8 20. Na2 Bd6 21. Rd3 Qf7 22. Rc3 dxe4
23. fxe4 Nxe4 24. Qxe4 Qxf2 25. Qxc6 Rf8 26. h3 Rb6 27. Qe4 Bc5 28. Rf3 Rxf3 29.
Qxf3 Qxf3 30. gxf3 Bd4 31. Rd1 h5 32. Kg2 Kh7 33. Rb1 Kg6 34. c3 Be3 35. b4 Kf5 36.
Rd1 e4 37. Rd7 g5 38. b5 Kf4 39. fxe4 Kxe4 40. c4 Bd4 41. Nc1 Rb8 42. Nb3 Be3 43.
c5 h4 44. c6 g4 45. Nd2+ Kf4 46. Rf7+ Kg5 47. Ne4+ Kh5 48. c7 Ra8 49. Nd6 gxh3+ 50.
Kxh3 Rg8 51. Rh7+ Kg6 52. Rxh4  1-0

[Event "Olomouc Chess Summer 2024 - B1"]
[Site "Olomouc (CZE), Hotel Flora"]
[Date "2024.08.10"]
[Round "1"]
[Board "4"]
[White "Lanc, Alois"]
[Black "Ernst, Robert"]
[Result "0-1"]
[WhiteElo "2259"]
[BlackElo "2241"]
[PlyCount "82"]
[EventDate "2024.08.10"]
[EventRounds "9"]
[EventCountry "CZE"]

1. e4 c5 2. Nf3 e6 3. d4 cxd4 4. Nxd4 Nc6 5. Nc3 Qc7 6. g3 a6 7. Bg2 Nf6 8. O-O Nxd4
9. Qxd4 Bc5 10. Bf4 d6 11. Qd3 Ng4 12. Na4 e5 13. Bd2 Bd4 14. h3 Nf6 15. Bg5 Be6
16. Rfd1 Rc8 17. c3 Ba7 18. b3 b5 19. Nb2 Ke7 20. Rac1 Rhd8 21. Rd2 h6 22. Bxf6+
Kxf6 23. Nd1 Ke7 24. Kh1 Qa5 25. f4 Qb6 26. Qf1 f6 27. Rd3 Qc6 28. Rc2 a5 29. h4
a4 30. Rb2 axb3 31. axb3 Bb6 32. Ne3 Bxe3 33. Rxe3 Ra8 34. Qd1 Ra3 35. Rd3 Rda8 36.
f5 Bf7 37. Qg4 Ra1+ 38. Kh2 R8a2 39. Qe2 Bxb3 40. Rdd2 Rxb2 41. Rxb2 Qxc3  0-1

[Event "Olomouc Chess Summer 2024 - B1"]
[Site "Olomouc (CZE), Hotel Flora"]
[Date "2024.08.10"]
[Round "1"]
[Board "5"]
[White "Valenta, Vit Vaclav"]
[Black "Priehoda, Vitezslav"]
[Result "1/2-1/2"]
[WhiteElo "2005"]
[BlackElo "2262"]
[PlyCount "42"]
[EventDate "2024.08.10"]
[EventRounds "9"]
[EventCountry "CZE"]

1. e4 c5 2. Nc3 Nc6 3. g3 g6 4. Bg2 Bg7 5. Nge2 d6 6. O-O e5 7. Nd5 Nge7 8. Nxe7
Nxe7 9. f4 exf4 10. Nxf4 O-O 11. d3 Rb8 12. a4 b6 13. c3 Bb7 14. Be3 d5 15. exd5
Nxd5 16. Nxd5 Bxd5 17. Bf4 Bxg2 18. Kxg2 Qd5+ 19. Qf3 Rbd8 20. Qxd5 Rxd5 21. Rad1
Rfd8  1/2-1/2

[Event "Olomouc Chess Summer 2024 - B1"]
[Site "Olomouc (CZE), Hotel Flora"]
[Date "2024.08.11"]
[Round "2"]
[Board "1"]
[White "Bokhnak, Timofey"]
[Black "Priehoda, Vitezslav"]
[Result "1/2-1/2"]
[WhiteElo "2273"]
[BlackElo "2262"]
[PlyCount "77"]
[EventDate "2024.08.10"]
[EventRounds "9"]
[EventCountry "CZE"]

1. e4 c6 2. d4 d5 3. exd5 cxd5 4. Bd3 Nc6 5. c3 Nf6 6. Nf3 Bg4 7. Bf4 a6 8. O-O e6
9. Nbd2 Bd6 10. Bxd6 Qxd6 11. Re1 O-O 12. h3 Bh5 13. Qb1 Bg6 14. Bxg6 hxg6 15. Qd3
Rfc8 16. Ne5 b5 17. a3 Qb8 18. f4 a5 19. b4 axb4 20. axb4 Qb7 21. Nb3 Ne4 22. Nc5
Nxe5 23. fxe5 Nxc5 24. bxc5 Rcb8 25. Rab1 Ra4 26. Rb4 Qa6 27. Reb1 Rxb4 28. cxb4
Ra8 29. Rc1 Qa3 30. Qxa3 Rxa3 31. c6 Ra8 32. Rc5 Rc8 33. Kf2 f6 34. Ke3 g5 35. g3
Kf7 36. Kf3 Kg6 37. Kg4 Rc7 38. Rc1 Kh6 39. Rc5  1/2-1/2

[Event "Olomouc Chess Summer 2024 - B1"]
[Site "Olomouc (CZE), Hotel Flora"]
[Date "2024.08.11"]
[Round "2"]
[Board "2"]
[White "Ernst, Robert"]
[Black "Valenta, Vit Vaclav"]
[Result "1-0"]
[WhiteElo "2241"]
[BlackElo "2005"]
[PlyCount "109"]
[EventDate "2024.08.10"]
[EventRounds "9"]
[EventCountry "CZE"]

1. d4 Nf6 2. c4 g6 3. Nc3 d6 4. Nf3 Bg7 5. e4 O-O 6. Be2 Nbd7 7. O-O e5 8. Be3 Re8
9. d5 Nc5 10. Nd2 a5 11. a3 b6 12. b4 Nb7 13. Nb3 Bf8 14. f3 Nh5 15. Qd2 f5 16. g3
f4 17. Bf2 fxg3 18. hxg3 Be7 19. Kg2 Bg5 20. Be3 Bxe3 21. Qxe3 Rf8 22. Rh1 Qf6 23.
Qh6 Bg4 24. Nd2 Bd7 25. Nb5 Rac8 26. Nf1 Nd8 27. Qe3 Nb7 28. Nh2 Qg7 29. Ng4 Nf6
30. Nxf6+ Rxf6 31. Qg5 Bxb5 32. cxb5 Nd8 33. Rac1 axb4 34. axb4 Rf7 35. Ra1 h5 36.
Ra7 Rd7 37. Kf2 Nf7 38. Qe3 Nh6 39. g4 Rf8 40. Ke1 Rf4 41. Ra8+ Kh7 42. gxh5 g5 43.
Rg1 g4 44. fxg4 Nxg4 45. Qh3 Qh6 46. Rxg4 Rxg4 47. Bxg4 Qc1+ 48. Ke2 Qc2+ 49. Kf1
Qc1+ 50. Kg2 Qd2+ 51. Kh1 Qe1+ 52. Kh2 Qf2+ 53. Qg2 Qh4+ 54. Bh3 Qf4+ 55. Kh1  1-0

[Event "Olomouc Chess Summer 2024 - B1"]
[Site "Olomouc (CZE), Hotel Flora"]
[Date "2024.08.11"]
[Round "2"]
[Board "3"]
[White "Flasik, Radoslav"]
[Black "Lanc, Alois"]
[Result "0-1"]
[WhiteElo "2093"]
[BlackElo "2259"]
[PlyCount "70"]
[EventDate "2024.08.10"]
[EventRounds "9"]
[EventCountry "CZE"]

1. d4 Nf6 2. c4 d6 3. Nc3 e5 4. d5 Be7 5. e4 O-O 6. h3 Ne8 7. Bd3 Bg5 8. Nf3 Bxc1
9. Rxc1 g6 10. g4 a5 11. Qd2 Na6 12. Qe3 Qe7 13. Ne2 Nc5 14. Bc2 Bd7 15. Nc3 c6 16.
O-O Nc7 17. b3 cxd5 18. Nxd5 Nxd5 19. exd5 f5 20. Nh2 f4 21. Qf3 b5 22. cxb5 Bxb5
23. Rfe1 Rac8 24. a3 Rc7 25. Nf1 Bxf1 26. Kxf1 Rfc8 27. Bb1 Qd7 28. Kg2 Qb5 29. Rc3
Nd7 30. Rxc7 Rxc7 31. g5 Qc5 32. h4 Qc3 33. Rd1 Qxf3+ 34. Kxf3 Rc3+ 35. Rd3 Rc1  0-1

[Event "Olomouc Chess Summer 2024 - B1"]
[Site "Olomouc (CZE), Hotel Flora"]
[Date "2024.08.11"]
[Round "2"]
[Board "4"]
[White "Prokofiev, Valentyn"]
[Black "Sluka, Radek"]
[Result "1-0"]
[WhiteElo "2381"]
[BlackElo "2314"]
[PlyCount "165"]
[EventDate "2024.08.10"]
[EventRounds "9"]
[EventCountry "CZE"]

1. Nf3 e6 2. c4 d5 3. g3 c6 4. Bg2 f5 5. O-O Nf6 6. d3 Be7 7. b3 O-O 8. Bb2 a5 9.
Nc3 d4 10. Na4 c5 11. e3 Nc6 12. exd4 cxd4 13. Qe2 Ng4 14. h3 Nh6 15. Ne5 Ra6 16.
Nxc6 bxc6 17. Qe5 Bf6 18. Qc5 Qd7 19. Nb6 Qa7 20. Ba3 Rd8 21. Nxc8 Rxc8 22. f4 Nf7
23. g4 g6 24. gxf5 Qxc5 25. Bxc5 gxf5 26. Bf3 Nh8 27. Rae1 Kf7 28. Bh5+ Ng6 29. Kg2
Raa8 30. Re2 Re8 31. Rfe1 Rab8 32. Kf3 Rb7 33. Rg1 Rg8 34. Reg2 Rbb8 35. Ke2 Rbe8
36. Kd2 Ra8 37. Kc2 Rab8 38. a3 Rbe8 39. b4 a4 40. Kd2 Rc8 41. Bd6 Rg7 42. Re1 Re8
43. Rge2 Bh4 44. Rb1 Rd8 45. Be5 Bf6 46. Rbe1 Re8 47. Bd6 Bh4 48. Rb1 Rd8 49. Be5
Bf6 50. b5 Bxe5 51. Rxe5 cxb5 52. cxb5 Kf6 53. Bxg6 hxg6 54. b6 Rb7 55. Ra5 Rdb8
56. Rxa4 Rxb6 57. Rxb6 Rxb6 58. Rxd4 Rb2+ 59. Kc3 Rh2 60. a4 Rxh3 61. a5 Rh7 62.
a6 g5 63. fxg5+ Kxg5 64. Ra4 Ra7 65. Ra5 Kg4 66. d4 f4 67. Kd3 Kf3 68. Ra2 Kg3 69.
Ke4 f3 70. Ra3 Kg4 71. Rxf3 Rxa6 72. Rf8 Rd6 73. Rf4+ Kg5 74. Ke5 Rd8 75. Re4 Re8
76. Re1 Kg6 77. Rf1 Kg7 78. Rf6 Ra8 79. Rxe6 Ra1 80. d5 Kf7 81. Kd4 Rc1 82. Re2 Kf6
83. d6  1-0

[Event "Olomouc Chess Summer 2024 - B1"]
[Site "Olomouc (CZE), Hotel Flora"]
[Date "2024.08.11"]
[Round "2"]
[Board "5"]
[White "Fizer, Marek"]
[Black "Ivanov, Mike"]
[Result "1/2-1/2"]
[WhiteElo "2262"]
[BlackElo "2364"]
[PlyCount "116"]
[EventDate "2024.08.10"]
[EventRounds "9"]
[EventCountry "CZE"]

1. e4 e6 2. d4 d5 3. Nc3 Bb4 4. e5 c5 5. a3 Bxc3+ 6. bxc3 Nc6 7. Qg4 g6 8. h4 Qa5
9. Bd2 Qa4 10. Nf3 Bd7 11. Qf4 h6 12. dxc5 Qxc2 13. Nd4 Nxd4 14. cxd4 Qe4+ 15. Qxe4
dxe4 16. Rb1 Bc6 17. Bb5 Bxb5 18. Rxb5 O-O-O 19. Be3 Ne7 20. O-O Rd7 21. g4 h5 22.
f3 Nd5 23. Bg5 exf3 24. Rxf3 hxg4 25. Rg3 Kb8 26. c6 Rc7 27. Rxb7+ Rxb7 28. cxb7
Kxb7 29. Rxg4 Rc8 30. Rg3 Rc3 31. Kf2 Kc6 32. Rxc3+ Nxc3 33. Ke3 Kd5 34. Be7 Kc4
35. Bc5 a5 36. Kf4 Kd5 37. Ke3 Na4 38. Be7 Nb2 39. Bc5 a4 40. Be7 Kc4 41. Bd6 Nd1+
42. Ke2 Nc3+ 43. Ke3 Nd5+ 44. Ke4 Kc3 45. Bc5 Kc4 46. Bd6 Nc3+ 47. Ke3 Nb5 48. Bc5
Kb3 49. Ke4 Nxa3 50. d5 exd5+ 51. Kxd5 Nc2 52. e6 fxe6+ 53. Kxe6 Ne1 54. Kf7 Nf3
55. Be7 a3 56. Bxa3 Nxh4 57. Be7 Nf5 58. Kxg6 Nxe7+  1/2-1/2

[Event "Olomouc Chess Summer 2024 - B1"]
[Site "Olomouc (CZE), Hotel Flora"]
[Date "2024.08.11"]
[Round "3"]
[Board "1"]
[White "Ivanov, Mike"]
[Black "Bokhnak, Timofey"]
[Result "1/2-1/2"]
[WhiteElo "2364"]
[BlackElo "2273"]
[PlyCount "38"]
[EventDate "2024.08.10"]
[EventRounds "9"]
[EventCountry "CZE"]

1. e4 e6 2. d4 d5 3. e5 c5 4. c3 Nc6 5. Nf3 Nge7 6. h4 Bd7 7. h5 cxd4 8. cxd4 h6
9. Nc3 a6 10. Bd3 b5 11. g4 Nc8 12. Be3 Nb6 13. Nd2 Nc4 14. Nxc4 bxc4 15. Be2 Be7
16. O-O f6 17. f4 O-O 18. Qd2 fxe5 19. fxe5 Rxf1+  1/2-1/2

[Event "Olomouc Chess Summer 2024 - B1"]
[Site "Olomouc (CZE), Hotel Flora"]
[Date "2024.08.11"]
[Round "3"]
[Board "2"]
[White "Sluka, Radek"]
[Black "Fizer, Marek"]
[Result "0-1"]
[WhiteElo "2314"]
[BlackElo "2262"]
[PlyCount "82"]
[EventDate "2024.08.10"]
[EventRounds "9"]
[EventCountry "CZE"]

1. e4 c5 2. Nc3 Nc6 3. f4 g6 4. Nf3 Bg7 5. Bc4 e6 6. f5 Nge7 7. fxe6 dxe6 8. d3 a6
9. a4 Qc7 10. O-O O-O 11. Kh1 Nd4 12. Nxd4 cxd4 13. Ne2 Nc6 14. Bd2 b6 15. Qe1 Qe7
16. Qg3 e5 17. Bd5 Bd7 18. c4 Ra7 19. Ng1 Nb4 20. Bxb4 Qxb4 21. Nf3 Qe7 22. a5 b5
23. c5 Qxc5 24. Nxe5 Be6 25. Rfc1 Qd6 26. Nc6 Qxg3 27. hxg3 Rd7 28. Nb4 Bxd5 29.
exd5 Bh6 30. Rc6 Bd2 31. Nxa6 Rxd5 32. Rc5 Rd6 33. Nc7 g5 34. Nd5 Re8 35. a6 Be3
36. Nxe3 dxe3 37. Rxg5+ Kf8 38. a7 e2 39. Re5 Rdd8 40. d4 Rxe5 41. dxe5 Rd1+  0-1

[Event "Olomouc Chess Summer 2024 - B1"]
[Site "Olomouc (CZE), Hotel Flora"]
[Date "2024.08.11"]
[Round "3"]
[Board "3"]
[White "Lanc, Alois"]
[Black "Prokofiev, Valentyn"]
[Result "0-1"]
[WhiteElo "2259"]
[BlackElo "2381"]
[PlyCount "90"]
[EventDate "2024.08.10"]
[EventRounds "9"]
[EventCountry "CZE"]

1. e4 c5 2. Nf3 e6 3. d4 cxd4 4. Nxd4 a6 5. Nc3 Qc7 6. Be2 b5 7. Bf3 Bb7 8. O-O Nc6
9. Nxc6 dxc6 10. Qe2 Bd6 11. g3 Be5 12. Nd1 Nf6 13. c4 Nd7 14. Be3 c5 15. Bg2 O-O
16. Rc1 Qa5 17. b3 Rfd8 18. f4 Bd4 19. Bxd4 cxd4 20. Nf2 Rac8 21. Qb2 Qb6 22. cxb5
axb5 23. Rxc8 Bxc8 24. Rd1 e5 25. Bh3 f6 26. Bxd7 Bxd7 27. b4 Be6 28. fxe5 fxe5 29.
Nd3 Bc4 30. Nxe5 Qf6 31. Ng4 Qf3 32. Nf2 d3 33. Qd2 Ra8 34. Qf4 Qe2 35. Qg4 Rf8 36.
Qxe2 dxe2 37. Re1 Rf7 38. Kg2 Kf8 39. g4 g5 40. Rc1 Ke7 41. Re1 Kd6 42. e5+ Kxe5
43. Nh3 Rf1 44. Nxg5 Kf4 45. Rxf1+ exf1=Q#  0-1

[Event "Olomouc Chess Summer 2024 - B1"]
[Site "Olomouc (CZE), Hotel Flora"]
[Date "2024.08.11"]
[Round "3"]
[Board "4"]
[White "Valenta, Vit Vaclav"]
[Black "Flasik, Radoslav"]
[Result "0-1"]
[WhiteElo "2005"]
[BlackElo "2093"]
[PlyCount "68"]
[EventDate "2024.08.10"]
[EventRounds "9"]
[EventCountry "CZE"]

1. Nf3 Nf6 2. c4 e6 3. g3 d5 4. b3 b6 5. Bg2 Bb7 6. O-O Be7 7. Bb2 O-O 8. d3 c5 9.
e3 Nbd7 10. Nbd2 Qc7 11. Rc1 Rac8 12. d4 Qb8 13. Ne5 cxd4 14. Nxd7 Nxd7 15. Bxd4
Nf6 16. cxd5 Rxc1 17. Qxc1 Nxd5 18. Qa1 f6 19. Rd1 h5 20. a3 h4 21. e4 Nc7 22. Bb2
hxg3 23. hxg3 Qa8 24. b4 Rd8 25. Bd4 Nb5 26. Bb2 a5 27. Bf1 Nd6 28. bxa5 bxa5 29.
f3 Kf7 30. Qb1 Qa7+ 31. Kg2 Qe3 32. Qd3 Nf5 33. Qc2 Bc5 34. exf5 Rxd2+  0-1

[Event "Olomouc Chess Summer 2024 - B1"]
[Site "Olomouc (CZE), Hotel Flora"]
[Date "2024.08.11"]
[Round "3"]
[Board "5"]
[White "Priehoda, Vitezslav"]
[Black "Ernst, Robert"]
[Result "1/2-1/2"]
[WhiteElo "2262"]
[BlackElo "2241"]
[PlyCount "52"]
[EventDate "2024.08.10"]
[EventRounds "9"]
[EventCountry "CZE"]

1. c4 c6 2. d4 d5 3. Nf3 Nf6 4. Qc2 dxc4 5. e4 b5 6. b3 cxb3 7. axb3 e6 8. Bd3 Bb7
9. O-O Be7 10. Nc3 a6 11. Bd2 c5 12. dxc5 Nc6 13. Ne2 Bxc5 14. Qxc5 Qxd3 15. Ng3
Qd8 16. Bf4 Nd7 17. Qd6 Qe7 18. Qd2 Nc5 19. Qc3 O-O 20. Rac1 Nd7 21. Rfd1 Rfd8 22.
Bd6 Qe8 23. Qe3 Rac8 24. h4 f6 25. h5 Nde5 26. Nxe5 fxe5  1/2-1/2

[Event "Olomouc Chess Summer 2024 - B1"]
[Site "Olomouc (CZE), Hotel Flora"]
[Date "2024.08.12"]
[Round "4"]
[Board "1"]
[White "Bokhnak, Timofey"]
[Black "Ernst, Robert"]
[Result "0-1"]
[WhiteElo "2273"]
[BlackElo "2241"]
[PlyCount "110"]
[EventDate "2024.08.10"]
[EventRounds "9"]
[EventCountry "CZE"]

1. e4 c5 2. Nf3 e6 3. d4 cxd4 4. Nxd4 Nc6 5. Bf4 d6 6. Nxc6 bxc6 7. Bd3 e5 8. Be3
Nf6 9. c4 Ng4 10. Bd2 Qb6 11. O-O Qxb2 12. Nc3 Qb7 13. Rb1 Qc7 14. Qa4 Bd7 15. c5
Be7 16. Ba6 dxc5 17. Rb7 Qd6 18. Nd5 O-O 19. Be2 Bd8 20. Ne3 Qxd2 21. Bxg4 Bxg4 22.
Nxg4 Qd4 23. Qxc6 Bb6 24. Rd7 Rfc8 25. Rxd4 Rxc6 26. Nxe5 Re6 27. Rd5 Rae8 28. Nd7
Rxe4 29. Nxc5 Re2 30. a4 Ra2 31. Nd7 Rxa4 32. Nxb6 axb6 33. g3 Ra7 34. Rb1 Rb7 35.
Rb2 g6 36. Kg2 Kg7 37. h4 h5 38. Rb3 Re6 39. Rb4 Kf6 40. g4 hxg4 41. Rxg4 Re5 42.
Rdd4 b5 43. Rb4 Ke6 44. Kf3 Kd5 45. Kf4 Rf5+ 46. Kg3 Kc5 47. f3 Rd5 48. Rgf4 f5 49.
h5 g5 50. Rfc4+ bxc4 51. Rxb7 Rd6 52. Rf7 c3 53. Rxf5+ Kb6 54. h6 c2 55. h7 c1=Q
 0-1

[Event "Olomouc Chess Summer 2024 - B1"]
[Site "Olomouc (CZE), Hotel Flora"]
[Date "2024.08.12"]
[Round "4"]
[Board "2"]
[White "Flasik, Radoslav"]
[Black "Priehoda, Vitezslav"]
[Result "1-0"]
[WhiteElo "2093"]
[BlackElo "2262"]
[PlyCount "77"]
[EventDate "2024.08.10"]
[EventRounds "9"]
[EventCountry "CZE"]

1. d4 Nf6 2. c4 e6 3. Nf3 d5 4. g3 Bb4+ 5. Bd2 Be7 6. Bg2 O-O 7. O-O c6 8. Qc2 Ne4
9. Bf4 Nd7 10. Nc3 f5 11. Rfd1 a5 12. h4 h6 13. Ne5 Nxe5 14. Bxe5 Bd7 15. e3 Nd6
16. Bxd6 Bxd6 17. Qb3 Rf7 18. Ne2 g5 19. h5 b5 20. cxb5 cxb5 21. Rac1 b4 22. Qd3
Qe8 23. Rc2 Ba4 24. b3 Bb5 25. Qd2 Rc8 26. Rdc1 Rfc7 27. Rxc7 Rxc7 28. Rxc7 Bxc7
29. g4 fxg4 30. e4 dxe4 31. Bxe4 Qxh5 32. Qc2 Qh2+ 33. Kf1 g3 34. Bg2 gxf2 35. Qg6+
Kh8 36. Qf6+ Kg8 37. Qxe6+ Kh8 38. Qf6+ Kg8 39. Bd5+  1-0